| 000 | 00608nam a2200157 i 4500 | ||
|---|---|---|---|
| 001 | 122310 | ||
| 003 | ES-MaACL | ||
| 005 | 20230906191943.0 | ||
| 007 | t| | ||
| 008 | 070524s1920 xr ||||1| fre d | ||
| 100 | 1 |
_aMauer, Jean. _979185 |
|
| 245 | 1 | 2 |
_aL'Enseignement dans la République Tchécoslovaque _b: notes présentées á nos amis de l'étranger par L'Institut Pédagogique J. A. Komensky prés le Ministère de L'Instruction Publique, Prague / _crédige par Jean Mauer. |
| 260 |
_aPrague : _bL'Effort de la Tchécoslóvaque, _c1920. |
||
| 300 |
_a62 p. ; _c24 cm. |
||
| 852 |
_aES-MaACL _j1604-F-8 |
||
| 999 |
_c122310 _d122310 |
||